[Event "35th WCh U20 Girls"]
[Site "Tarvisio ITA"]
[Date "2017.11.24"]
[Round "10"]
[White "Vernet, Solene"]
[Black "Sibajeva, Marija"]
[Result "1/2-1/2"]
[WhiteElo "1862"]
[BlackElo "2016"]
[EventDate "2017.11.13"]
[PlyCount "85"]

1.d4 c5 2.d5 e5 3.e4 d6 4.Nc3 Be7 5.Bd3 a6 6.a4 Bg5 7.Nf3 Bxc1 8.Qxc1 Ne7 
9.O-O O-O 10.Nd2 Ng6 11.Ne2 f5 12.exf5 Bxf5 13.Bxf5 Rxf5 14.Ne4 Nf4 15.
N2g3 Rf7 16.Qd1 Qe7 17.c4 Nd7 18.b3 a5 19.Re1 h6 20.Ra2 Qf8 21.Re3 Rd8 22.
Qd2 b6 23.Ne2 Nxe2+ 24.Qxe2 Nf6 25.Rg3 Nxe4 26.Qxe4 Rf4 27.Qg6 Qf6 28.Re2 
Rd4 29.Kf1 Rf8 30.Qc2 Qf5 31.Rf3 Qxc2 32.Rxf8+ Kxf8 33.Rxc2 Rd3 34.Rb2 Kf7
35.Ke2 Rd4 36.Rc2 Kf6 37.Rc3 Re4+ 38.Re3 Rxe3+ 39.Kxe3 Kf5 40.f3 h5 41.h4 
g5 42.hxg5 Kxg5 43.g3 1/2-1/2

[Event "35th WCh U20 Girls"]
[Site "Tarvisio ITA"]
[Date "2017.11.24"]
[Round "10"]
[White "Silva, Mariana Sofia"]
[Black "Cramling-Bellon, Anna"]
[Result "1/2-1/2"]
[WhiteElo "1883"]
[BlackElo "1943"]
[EventDate "2017.11.13"]
[PlyCount "95"]

1.e4 c5 2.Nf3 Nc6 3.d4 cxd4 4.Nxd4 g6 5.Nc3 Bg7 6.Be3 Nf6 7.Bc4 Qa5 8.O-O 
O-O 9.Bb3 d6 10.h3 Bd7 11.Re1 Rac8 12.Qd2 Rfe8 13.Nf3 b5 14.Bg5 b4 15.Nd5 
Nxd5 16.exd5 Ne5 17.Nd4 Qc5 18.Be3 Nc4 19.Bxc4 Qxc4 20.a3 Qxd5 21.axb4 e5 
22.Nf3 Qxd2 23.Nxd2 Rxc2 24.Rxa7 Be6 25.Ne4 d5 26.Nd6 Rd8 27.Bc5 Bf8 28.
Nb7 Bxc5 29.bxc5 Rd7 30.b4 d4 31.Ra8+ Kg7 32.Nd6 d3 33.Raa1 d2 34.Red1 Bc4
35.Nxc4 Rxc4 36.Rab1 Rb7 37.Rxd2 Rbxb4 38.Rxb4 Rxb4 39.Rc2 Rb1+ 40.Kh2 Rb7
41.Kg3 Kf6 42.Kf3 Rc7 43.g4 Ke6 44.g5 Kd5 45.Rd2+ Ke6 46.Rc2 Kd5 47.Rd2+ 
Ke6 48.Rc2 1/2-1/2

[Event "35th WCh U20 Girls"]
[Site "Tarvisio ITA"]
[Date "2017.11.24"]
[Round "10"]
[White "Barbosa, Larissa Ichimura"]
[Black "Koo Wei Xin, Rosamund"]
[Result "1-0"]
[WhiteElo "1913"]
[BlackElo "1900"]
[EventDate "2017.11.13"]
[PlyCount "81"]

1.e4 c5 2.Nf3 Nc6 3.d4 cxd4 4.Nxd4 g6 5.Nc3 Bg7 6.Nb3 Nf6 7.Be2 O-O 8.O-O 
d6 9.Bg5 Be6 10.Kh1 Rc8 11.f4 Re8 12.f5 Bd7 13.Qd2 Ne5 14.Rad1 Bc6 15.Qf4 
Qb6 16.Qh4 a5 17.a4 Bd7 18.Rd4 d5 19.Bf4 Rxc3 20.bxc3 Nc6 21.fxg6 hxg6 22.
Rd3 dxe4 23.Rg3 Nd5 24.Bc4 e6 25.Rh3 Nxf4 26.Rxf4 Ne5 27.Rxe4 Bc6 28.Qf4 
Nxc4 29.Rxc4 Bd5 30.Rc5 Bxb3 31.Rb5 Qd8 32.Rd3 Bd5 33.c4 g5 34.Qf2 Qb8 35.
cxd5 Qe5 36.d6 Qa1+ 37.Qg1 Qxa4 38.Rxb7 Qxc2 39.d7 Qxd3 40.Qc5 Re7 41.Rb8+
1-0

[Event "35th WCh U20 Girls"]
[Site "Tarvisio ITA"]
[Date "2017.11.24"]
[Round "10"]
[White "Stashis, Anna"]
[Black "Jayaweera, Sayuni Gihansa"]
[Result "1-0"]
[WhiteElo "1907"]
[BlackElo "1745"]
[EventDate "2017.11.13"]
[PlyCount "67"]

1.e4 c5 2.Nf3 g6 3.c3 d5 4.e5 Nc6 5.d4 Bg4 6.Bb5 Qb6 7.Bxc6+ Qxc6 8.O-O 
Bg7 9.h3 Bf5 10.dxc5 Qxc5 11.Qb3 b6 12.Rd1 Qc4 13.Rxd5 Qxb3 14.axb3 Be4 
15.Rb5 Bc6 16.Rb4 b5 17.Nd4 Kd7 18.Nxb5 a5 19.Rd4+ Kc8 20.Rc4 Kb7 21.Nd4 
Be8 22.Bf4 e6 23.b4 a4 24.b5 Ne7 25.Rcxa4 Rxa4 26.Rxa4 Nd5 27.Bg3 h5 28.
Nd2 h4 29.Bh2 Rh5 30.Ne4 Nc7 31.Nd6+ Kb8 32.Nxe8 Nxe8 33.Nc6+ Kc8 34.Ra7 
1-0

[Event "35th WCh U20 Girls"]
[Site "Tarvisio ITA"]
[Date "2017.11.24"]
[Round "10"]
[White "February, Jesse Nikki"]
[Black "Magpily, Francois Marie"]
[Result "0-1"]
[WhiteElo "1874"]
[BlackElo "1836"]
[EventDate "2017.11.13"]
[PlyCount "116"]

1.e4 e5 2.Nf3 f5 3.Nxe5 Qf6 4.d4 d6 5.Nc4 fxe4 6.Nc3 Qg6 7.f3 exf3 8.Qxf3 
Nf6 9.Bd3 Qg4 10.Qe3+ Qe6 11.Bd2 Qxe3+ 12.Nxe3 c6 13.O-O-O d5 14.Rde1 Kf7 
15.Rhf1 Bd6 16.g4 h6 17.h4 Bg3 18.g5 Bxe1 19.Bxe1 hxg5 20.hxg5 Bh3 21.Rf3 
Nd7 22.gxf6 Nxf6 23.Ne2 g5 24.Bf5 Bxf5 25.Nxf5 Rh1 26.Kd1 g4 27.Rf4 Rah8 
28.Neg3 Rg1 29.Ne3 Re8 30.Ngf1 Re4 31.Rxe4 Nxe4 32.Ke2 g3 33.Nd2 g2 34.Nf3
Rh1 35.Nxg2 Kf6 36.Ne3 Ke6 37.b3 b6 38.c4 b5 39.c5 Rh3 40.Nc2 Kf5 41.Nb4 
Kf4 42.Ne5 Rh2+ 43.Kd1 a5 44.Nbxc6 Rxa2 45.Ne7 Ke3 46.c6 Nd6 47.c7 Ke4 48.
Nf7 Kd3 49.Bc3 b4 50.Nxd6 bxc3 51.Ke1 Ra1+ 52.Kf2 c2 53.c8=Q c1=Q 54.Qf5+ 
Kc3 55.Nxd5+ Kb2 56.Qd3 Qg1+ 57.Kf3 Rf1+ 58.Ke4 Qg6+ 0-1

[Event "35th WCh U20 Girls"]
[Site "Tarvisio ITA"]
[Date "2017.11.24"]
[Round "10"]
[White "Cui, Cynthia"]
[Black "Vangsgard, Freja"]
[Result "1/2-1/2"]
[WhiteElo "1553"]
[BlackElo "2035"]
[EventDate "2017.11.13"]
[PlyCount "116"]

1.c4 e5 2.g3 Nc6 3.Bg2 Bc5 4.Nc3 a6 5.Nf3 d6 6.O-O Nge7 7.d3 O-O 8.a3 Ba7 
9.b4 h6 10.b5 axb5 11.Nxb5 Bb6 12.Bb2 Be6 13.Qc2 Qd7 14.Rfd1 Na5 15.Nc3 
Qe8 16.Na4 Ba7 17.Bc3 Nec6 18.Nb2 f5 19.e3 Qf7 20.Nd2 f4 21.exf4 exf4 22.
Ne4 f3 23.Bh1 Nd4 24.Bxd4 Bxd4 25.Nd2 Bg4 26.Re1 Nc6 27.Re4 Qh5 28.Nb3 Ba7
29.Rae1 Qh3 30.c5 d5 31.R4e3 Rad8 32.d4 Bf5 33.Qc3 Be4 34.Nd2 Rf5 35.Bxf3 
Bxf3 36.Rxf3 Rh5 37.Nf1 Qg4 38.Rf4 Qg6 39.Qd2 Nb8 40.Qe2 Rf5 41.Rxf5 Qxf5 
42.Qb5 Rf8 43.Re2 Nc6 44.Qa4 Qf6 45.Rd2 Kh8 46.Ne3 b5 47.Qa6 Qe6 48.Qxb5 
Rb8 49.Qd3 Qf6 50.Nxd5 Qf7 51.Ne3 Rd8 52.Qe4 Qd7 53.Qf5 Qxf5 54.Nxf5 Bxc5 
55.Rc2 Bxa3 56.Rxc6 Bxb2 57.Rxc7 Bxd4 58.Kg2 Be5 1/2-1/2

[Event "35th WCh U20 Girls"]
[Site "Tarvisio ITA"]
[Date "2017.11.24"]
[Round "10"]
[White "Koljevic, Nikolina"]
[Black "Louka, Magdalini"]
[Result "1/2-1/2"]
[WhiteElo "1837"]
[BlackElo "1955"]
[EventDate "2017.11.13"]
[PlyCount "84"]

1.e4 c5 2.Nf3 g6 3.d4 cxd4 4.Qxd4 Nf6 5.e5 Nc6 6.Qa4 Nd5 7.Qe4 Nb6 8.Bb5 
Bg7 9.O-O O-O 10.Nc3 a6 11.Bxc6 dxc6 12.Rd1 Qc7 13.Bf4 Be6 14.Nd4 Nd5 15.
Nxe6 fxe6 16.Bg3 Rad8 17.Qg4 Rf5 18.Ne2 c5 19.c4 Nb4 20.Nf4 Rxd1+ 21.Rxd1 
Qc8 22.Re1 Nc2 23.Re4 Qc6 24.Qe2 Nd4 25.Qd3 Qb6 26.b3 Rf8 27.Ne2 Nc6 28.
Nc3 Rd8 29.Qc2 Nd4 30.Qb2 Qb4 31.h3 Bh6 32.Kh2 Rf8 33.Ne2 Nf5 34.Bf4 Bxf4+
35.Rxf4 Rd8 36.Nc3 Nd4 37.Re4 Rf8 38.Re3 Qa5 39.Kg1 Rd8 40.Rd3 Qc7 41.Re3 
Qa5 42.Rd3 Qc7 1/2-1/2

[Event "35th WCh U20 Girls"]
[Site "Tarvisio ITA"]
[Date "2017.11.24"]
[Round "10"]
[White "Greibrokk, Ingrid"]
[Black "Figueroa Bernal, Julia Dennis"]
[Result "1-0"]
[WhiteElo "1868"]
[BlackElo "1690"]
[EventDate "2017.11.13"]
[PlyCount "115"]

1.c4 e5 2.g3 Nf6 3.Bg2 Bc5 4.Nc3 O-O 5.d3 h6 6.Nf3 d6 7.O-O Nc6 8.Na4 Bb6 
9.a3 Ne7 10.c5 dxc5 11.Nxe5 Ned5 12.Qc2 Qe7 13.Nc4 Qe8 14.Ne3 Qc6 15.Bd2 
Bd7 16.Nc3 Be6 17.Rac1 Nxe3 18.Bxe3 Nd5 19.Nxd5 Bxd5 20.Bxd5 Qxd5 21.Bxc5 
Bxc5 22.Qxc5 Qb3 23.Qc3 Qe6 24.e3 c6 25.b4 Rad8 26.d4 Rd5 27.Rc2 Rfd8 28.
Qd3 h5 29.Kg2 h4 30.h3 hxg3 31.fxg3 Re5 32.Rf3 Re4 33.Rc3 Re8 34.b5 Qa2+ 
35.Rc2 Qd5 36.Rc5 Qa2+ 37.Kg1 Qe6 38.bxc6 bxc6 39.d5 cxd5 40.Qxd5 Qxd5 41.
Rxd5 Rxe3 42.Rxe3 Rxe3 43.Ra5 Re7 44.Kf2 f6 45.Kf3 Kf7 46.Ra6 g5 47.h4 
gxh4 48.gxh4 Kg7 49.Kf4 Kf8 50.a4 Kg7 51.a5 Kf7 52.Rc6 Rb7 53.a6 Rb4+ 54.
Kf5 Rb5+ 55.Kg4 Re5 56.Rc7+ Re7 57.Rb7 Kf8 58.Kf5 1-0

[Event "35th WCh U20 Girls"]
[Site "Tarvisio ITA"]
[Date "2017.11.24"]
[Round "10"]
[White "Zairbek Kyzy, Begimay"]
[Black "Vanduyfhuys, Daria"]
[Result "0-1"]
[WhiteElo "1599"]
[BlackElo "1755"]
[EventDate "2017.11.13"]
[PlyCount "42"]

1.e4 c5 2.d4 cxd4 3.c3 Nf6 4.e5 Nd5 5.Nf3 b6 6.Bc4 Bb7 7.Nxd4 Qc7 8.Qe2 e6
9.Bd3 Nc6 10.Nf3 d6 11.exd6 Bxd6 12.Ng5 Bf4 13.Bd2 Bxd2+ 14.Qxd2 Nf4 15.
Be4 Rd8 16.Qc2 Nxg2+ 17.Kf1 Qf4 18.Bxg2 Qxg5 19.f3 Qe3 20.c4 Nd4 21.Qc3 
Qe2+ 0-1

[Event "35th WCh U20 Girls"]
[Site "Tarvisio ITA"]
[Date "2017.11.24"]
[Round "10"]
[White "Samudin, Elina"]
[Black "Ganzova, Veronika"]
[Result "1-0"]
[WhiteElo "1806"]
[BlackElo "1633"]
[EventDate "2017.11.13"]
[PlyCount "43"]

1.d4 d5 2.c4 e6 3.Nc3 Nf6 4.cxd5 exd5 5.Bg5 Nbd7 6.e3 c6 7.Bd3 Be7 8.Nf3 
Nh5 9.Bxe7 Qxe7 10.O-O O-O 11.Rb1 Nb6 12.b4 Nf6 13.b5 cxb5 14.Nxb5 a6 15.
Nc3 Nc4 16.a4 Bg4 17.Bxc4 dxc4 18.Rb6 Ne4 19.Nxe4 Qxe4 20.h3 Bd7 21.Ne5 
Qd5 22.e4 1-0

[Event "35th WCh U20 Girls"]
[Site "Tarvisio ITA"]
[Date "2017.11.24"]
[Round "10"]
[White "Braganza, Nadia"]
[Black "Shepherd, Katherine"]
[Result "0-1"]
[WhiteElo "1536"]
[BlackElo "1918"]
[EventDate "2017.11.13"]
[PlyCount "142"]

1.e4 e6 2.d4 d5 3.Nd2 Nf6 4.e5 Nfd7 5.Bd3 c5 6.c3 Nc6 7.Ne2 cxd4 8.cxd4 f6
9.exf6 Nxf6 10.O-O Qc7 11.Nf3 Bd6 12.h3 O-O 13.Be3 e5 14.dxe5 Nxe5 15.Nxe5
Bxe5 16.Rc1 Qf7 17.Bd4 Qh5 18.Bxe5 Qxe5 19.Qc2 Ne4 20.Bxe4 dxe4 21.Qc3 Re8
22.Qxe5 Rxe5 23.Rc7 b6 24.Rfc1 Ba6 25.Nc3 Bd3 26.Nd1 Kf8 27.Rc8+ Rxc8 28.
Rxc8+ Kf7 29.Rc7+ Re7 30.Rxe7+ Kxe7 31.Ne3 Ke6 32.Kh2 b5 33.a3 a5 34.g4 
Ke5 35.Kg3 b4 36.axb4 axb4 37.f3 exf3 38.Kxf3 Kd4 39.Nd1 Bf1 40.h4 Kd3 41.
Ne3 Be2+ 42.Kf4 b3 43.g5 g6 44.Nd5 Kc2 45.Nc3 Ba6 46.Ke3 Kxb2 47.Kd2 Ka1 
48.Ke3 b2 49.Kd4 b1=Q 50.Nxb1 Kxb1 51.Ke5 Be2 52.Kf6 Bh5 53.Kg7 Kc2 54.
Kxh7 Kd3 55.Kg7 Ke4 56.Kf6 Kf4 57.Ke6 Kg4 58.Ke5 Kxh4 59.Kf4 Bd1 60.Ke3 
Kxg5 61.Kf2 Kg4 62.Kg2 g5 63.Kh2 Bf3 64.Kg1 Kg3 65.Kf1 Kh2 66.Ke1 Kg1 67.
Kd2 Kf2 68.Kd3 g4 69.Kd4 g3 70.Ke5 g2 71.Kf4 g1=Q 0-1

[Event "35th WCh U20 Girls"]
[Site "Tarvisio ITA"]
[Date "2017.11.24"]
[Round "10"]
[White "Bilguun, Bayaraa"]
[Black "Caxita, Esperanca"]
[Result "0-1"]
[WhiteElo "1147"]
[BlackElo "1865"]
[EventDate "2017.11.13"]
[PlyCount "92"]

1.d4 d5 2.Nf3 Nf6 3.e3 c6 4.c4 Bg4 5.Nc3 e6 6.Bd2 Nbd7 7.Be2 Bd6 8.b3 a6 
9.Qc2 Rc8 10.c5 Bb8 11.O-O Qc7 12.g3 h5 13.e4 dxe4 14.Nxe4 Nxe4 15.Qxe4 
Nf6 16.Qd3 Qd7 17.Bg5 Bf5 18.Qc4 Ne4 19.Be3 Qe7 20.Bd3 h4 21.Bxe4 Bxe4 22.
Qe2 Qf6 23.Nd2 Bd5 24.Qg4 Kd7 25.Bg5 Qg6 26.f3 f5 27.Qh3 Qxg5 28.f4 Bxf4 
29.Rxf4 hxg3 30.Qxg3 Qxg3+ 31.hxg3 Rh1+ 32.Kf2 Rxa1 33.a4 g5 34.Rf3 Bxf3 
35.Kxf3 Rh8 36.g4 Ra2 37.Nf1 Rh3+ 38.Ng3 f4 39.Ke4 Rxg3 40.Ke5 Ke7 41.d5 
Re3+ 42.Kd4 Rd2+ 43.Kc4 exd5+ 44.Kb4 f3 45.a5 f2 46.Ka4 f1=Q 0-1

[Event "35th WCh U20 Girls"]
[Site "Tarvisio ITA"]
[Date "2017.11.25"]
[Round "11"]
[White "Yu, Jennifer"]
[Black "Abdumalik, Zhansaya"]
[Result "0-1"]
[WhiteElo "2321"]
[BlackElo "2428"]
[EventDate "2017.11.13"]
[PlyCount "96"]

1.c4 c5 2.Nc3 g6 3.g3 Bg7 4.Bg2 Nc6 5.d3 e5 6.e3 Nge7 7.Nge2 d6 8.a3 O-O 
9.O-O Be6 10.Nd5 Qd7 11.Rb1 Bh3 12.b4 Bxg2 13.Kxg2 b6 14.b5 Nd8 15.e4 Ne6 
16.Be3 f5 17.f3 Rf7 18.Qd2 Nxd5 19.cxd5 Nc7 20.Nc3 f4 21.Bg1 h5 22.h3 fxg3
23.Qg5 Kh7 24.Be3 a6 25.bxa6 b5 26.Rb3 Rxa6 27.Rfb1 Ra5 28.Ne2 Rf8 29.Qxg3
Rfa8 30.Bc1 Ra4 31.Kf2 b4 32.axb4 cxb4 33.Be3 Na6 34.R3b2 Ra3 35.Rg1 Qf7 
36.Nc1 Rc8 37.Ke2 Rac3 38.Kd1 Bh6 39.Bxh6 Kxh6 40.Kd2 Nc5 41.Ke3 Na4 42.
Ra2 Rxc1 43.Qg5+ Kh7 44.Rxc1 Qa7+ 45.d4 Rxc1 46.Rxa4 Qxd4+ 47.Ke2 Rc2+ 48.
Ke1 Qf2+ 0-1

[Event "35th WCh U20 Girls"]
[Site "Tarvisio ITA"]
[Date "2017.11.25"]
[Round "11"]
[White "Paramzina, Anastasia"]
[Black "Osmak, Yulia"]
[Result "1-0"]
[WhiteElo "2123"]
[BlackElo "2345"]
[EventDate "2017.11.13"]
[PlyCount "147"]

1.e4 e6 2.d4 d5 3.Nc3 Nf6 4.e5 Nfd7 5.Nce2 c5 6.c3 b6 7.f4 f5 8.Nf3 Ba6 9.
Ng5 Qe7 10.Be3 h6 11.Nf3 Qf7 12.Rg1 Be7 13.g4 g6 14.Qa4 b5 15.Qc2 fxg4 16.
Rxg4 Qf5 17.Qxf5 gxf5 18.Rg2 c4 19.Bf2 Nc6 20.Bh4 Kf7 21.Bxe7 Nxe7 22.Ng3 
Rhg8 23.Kf2 Rg4 24.Ke3 Rag8 25.a4 Nc6 26.axb5 Bxb5 27.Be2 a6 28.Nd2 R4g7 
29.b3 cxb3 30.c4 dxc4 31.Nxc4 Bxc4 32.Bxc4 Nb4 33.Bxb3 Nb6 34.Rb2 Rc8 35.
Kd2 N6d5 36.Bxd5 Nxd5 37.Rb7+ Rc7 38.Rxc7+ Nxc7 39.Ke3 Rg8 40.Nh5 Nd5+ 41.
Kf3 Ra8 42.Ra5 Kg6 43.Ng3 Rb8 44.Ra3 a5 45.Ne2 Rb5 46.Nc3 Nxc3 47.Rxc3 Rb6
48.Ra3 Ra6 49.Ke3 Kh5 50.d5 exd5 51.h3 Rb6 52.Rxa5 Rb3+ 53.Kd4 Rb4+ 54.
Kxd5 Rxf4 55.Ke6 Kg6 56.Ra1 Rf3 57.Rg1+ Kh5 58.Kf6 Rxh3 59.e6 Re3 60.Kxf5 
Rf3+ 61.Ke4 Rf2 62.e7 Re2+ 63.Kf5 Rf2+ 64.Ke6 Re2+ 65.Kf7 Rf2+ 66.Kg8 Re2 
67.Rg7 Kh4 68.Kf7 h5 69.Rg6 Rxe7+ 70.Kxe7 Kh3 71.Kf6 h4 72.Kg5 Kg3 73.Kh5+
Kh3 74.Rg4 1-0

[Event "35th WCh U20 Girls"]
[Site "Tarvisio ITA"]
[Date "2017.11.25"]
[Round "11"]
[White "Tokhiryonova, Gulrukhbegim"]
[Black "Badelka, Olga"]
[Result "1-0"]
[WhiteElo "2306"]
[BlackElo "2374"]
[EventDate "2017.11.13"]
[PlyCount "123"]

1.e4 c5 2.Nf3 e6 3.d4 cxd4 4.Nxd4 Nf6 5.Nc3 Nc6 6.Ndb5 Bc5 7.Nd6+ Ke7 8.
Bf4 e5 9.Nf5+ Kf8 10.Bg5 d6 11.Bd3 h6 12.Bxf6 Qxf6 13.O-O Be6 14.a3 g6 15.
b4 Bd4 16.Nxd4 Nxd4 17.Ne2 Nxe2+ 18.Bxe2 Rd8 19.c4 Kg7 20.Qd2 h5 21.Qe3 b6
22.Rad1 Qf4 23.Qxf4 exf4 24.Rd4 Rc8 25.g3 fxg3 26.fxg3 Rhd8 27.Kf2 Kf6 28.
Ke3+ Ke7 29.Rfd1 Rd7 30.a4 a5 31.Rb1 Rdc7 32.bxa5 bxa5 33.Rb5 Rc5 34.Rb6 
R8c6 35.Rb7+ Rc7 36.Rb6 R7c6 37.Rb7+ Bd7 38.Rd5 Rc8 39.Ra7 Rb8 40.e5 Rxd5 
41.cxd5 dxe5 42.Bb5 Rd8 43.Ke4 f6 44.h4 Kd6 45.Ra6+ Kc5 46.Bxd7 Rxd7 47.
Rxa5+ Kc4 48.Ra6 f5+ 49.Kxe5 Rxd5+ 50.Kf4 Rd4+ 51.Kf3 Rg4 52.Rb6 Kd5 53.a5
g5 54.hxg5 Rxg5 55.a6 Rg8 56.a7 Ra8 57.Ra6 Kc5 58.Kf4 Kb5 59.Ra1 Kb6 60.
Kxf5 Kb7 61.Kg5 Rh8 62.a8=Q+ 1-0

[Event "35th WCh U20 Girls"]
[Site "Tarvisio ITA"]
[Date "2017.11.25"]
[Round "11"]
[White "Dordzhieva, Dinara"]
[Black "Tsolakidou, Stavroula"]
[Result "0-1"]
[WhiteElo "2295"]
[BlackElo "2340"]
[EventDate "2017.11.13"]
[PlyCount "94"]

1.Nf3 Nf6 2.g3 d5 3.Bg2 c6 4.c4 Bf5 5.O-O e6 6.cxd5 exd5 7.d3 Bc5 8.Qb3 
Bb6 9.Nc3 O-O 10.Na4 Nbd7 11.Nxb6 axb6 12.Qc2 Bg4 13.e4 Re8 14.Re1 dxe4 
15.dxe4 Nc5 16.Rd1 Qc8 17.e5 Bxf3 18.Bxf3 Rxe5 19.Bf4 Re8 20.b4 Nce4 21.
Re1 Qf5 22.Re2 Re6 23.Rd1 g6 24.Kg2 Rae8 25.a4 g5 26.Be3 g4 27.Bxe4 Rxe4 
28.Red2 Qf3+ 29.Kg1 Nd5 30.b5 Nxe3 31.fxe3 Rxe3 32.Rf1 Re1 33.Rf2 Rxf1+ 
34.Rxf1 Qe3+ 35.Rf2 Qd4 36.Qf5 Re1+ 37.Kg2 Qe4+ 38.Qxe4 Rxe4 39.Rf6 Rxa4 
40.bxc6 bxc6 41.Rxc6 Ra2+ 42.Kg1 Rb2 43.Rc4 h5 44.h3 gxh3 45.Rh4 Rg2+ 46.
Kh1 Rxg3 47.Rb4 Rg6 0-1

[Event "35th WCh U20 Girls"]
[Site "Tarvisio ITA"]
[Date "2017.11.25"]
[Round "11"]
[White "Shuvalova, Polina"]
[Black "Terbe, Julianna"]
[Result "1-0"]
[WhiteElo "2386"]
[BlackElo "2263"]
[EventDate "2017.11.13"]
[PlyCount "85"]

1.e4 c5 2.Nf3 Nc6 3.Bb5 g6 4.Bxc6 bxc6 5.O-O Bg7 6.Re1 Nf6 7.e5 Nd5 8.c4 
Nc7 9.Nc3 Ne6 10.d4 cxd4 11.Nxd4 Nxd4 12.Qxd4 d6 13.Bf4 Be6 14.Qe4 dxe5 
15.Rad1 Qb6 16.Bxe5 Bxe5 17.Qxe5 O-O 18.b3 Rfe8 19.h4 h5 20.Na4 Qb8 21.Qg5
Kh7 22.Nc5 f6 23.Qe3 Bg4 24.Rd2 Qb4 25.f3 Bf5 26.Red1 a5 27.g3 Qb6 28.Kf2 
Kg8 29.Na4 Qc7 30.Qb6 Qc8 31.Qe3 Qc7 32.c5 Rad8 33.Nb6 Kf7 34.Qc3 Rxd2+ 
35.Rxd2 g5 36.hxg5 fxg5 37.Nc4 h4 38.Qe5 hxg3+ 39.Kxg3 Qc8 40.Nxa5 Be6 41.
Rh2 Rg8 42.Rh7+ Kg6 43.Rxe7 1-0

[Event "35th WCh U20 Girls"]
[Site "Tarvisio ITA"]
[Date "2017.11.25"]
[Round "11"]
[White "Janzelj, Lara"]
[Black "Nomin-Erdene, Davaademberel"]
[Result "1/2-1/2"]
[WhiteElo "2192"]
[BlackElo "2358"]
[EventDate "2017.11.13"]
[PlyCount "125"]

1.d4 Nf6 2.c4 g6 3.Nc3 Bg7 4.e4 d6 5.Be2 O-O 6.Nf3 e5 7.d5 a5 8.Bg5 h6 9.
Be3 Ng4 10.Bd2 Na6 11.h3 Nf6 12.Be3 Nh5 13.g3 Nc5 14.Nd2 Nf6 15.a3 Ne8 16.
h4 f5 17.h5 g5 18.exf5 Bxf5 19.Kf1 Nf6 20.Kg2 Nd3 21.Nf3 Nxb2 22.Qd2 Ne4 
23.Qxb2 Nxc3 24.Qxc3 Be4 25.Kh2 Bxf3 26.Bxf3 e4 27.Qc2 exf3 28.Rab1 b6 29.
g4 Qd7 30.Kh3 Rae8 31.Rbe1 Qf7 32.Qd3 Qf6 33.Rhg1 Qc3 34.Qg6 Re5 35.Rc1 
Qb2 36.Rb1 Qxa3 37.Rge1 Qa2 38.Bd4 Rf6 39.Qd3 Rf4 40.Rxe5 dxe5 41.Qg6 Rf6 
42.Qe8+ Kh7 43.Ra1 Qe2 44.Be3 Qxc4 45.Qxe5 Qd3 46.Qxc7 Qxd5 47.Qc2+ Kg8 
48.Rd1 Qe6 49.Rb1 Qd7 50.Rxb6 Rxb6 51.Bxb6 a4 52.Qc4+ Kh8 53.Ba5 Qe8 54.
Bc3 Qe2 55.Qc8+ Kh7 56.Qf5+ Kg8 57.Qd5+ Kh8 58.Bxg7+ Kxg7 59.Qd7+ Kf6 60.
Qd6+ Kf7 61.Qd7+ Kf8 62.Qd8+ Kf7 63.Qd7+ 1/2-1/2

[Event "35th WCh U20 Girls"]
[Site "Tarvisio ITA"]
[Date "2017.11.25"]
[Round "11"]
[White "Khomeriki, Nino"]
[Black "Injac, Teodora"]
[Result "0-1"]
[WhiteElo "2347"]
[BlackElo "2244"]
[EventDate "2017.11.13"]
[PlyCount "138"]

1.d4 Nf6 2.c4 g6 3.Nc3 Bg7 4.Nf3 O-O 5.g3 d6 6.Bg2 Nbd7 7.O-O e5 8.b3 Re8 
9.e4 exd4 10.Nxd4 Nc5 11.f3 c6 12.Bg5 Qb6 13.Kh1 Nfd7 14.Nde2 Ne6 15.Bd2 
Ne5 16.Be1 Nc5 17.Nf4 Qc7 18.g4 a6 19.Rc1 Qe7 20.a4 a5 21.Nce2 Bd7 22.Bc3 
b6 23.Rb1 Rad8 24.h3 Bc8 25.Qc2 Qh4 26.Rbd1 h5 27.Be1 Qf6 28.Bg3 hxg4 29.
fxg4 Qe7 30.Nd4 Bd7 31.Qf2 Rb8 32.Qe2 Rbc8 33.Rd2 Rcd8 34.Rfd1 Bc8 35.Qf2 
Bd7 36.Nfe2 Bh6 37.Bh4 Bg5 38.Bxg5 Qxg5 39.Qf4 Qxf4 40.Nxf4 Bc8 41.Nfe2 
Kg7 42.Nc3 Be6 43.Kh2 Bc8 44.Kg3 Be6 45.Rb1 Na6 46.Nce2 Bc8 47.Nf4 Nc5 48.
Rbd1 Bb7 49.g5 Bc8 50.h4 Bb7 51.h5 Ned7 52.Re2 Re5 53.Kh4 Rde8 54.Nd3 Nxd3
55.Rxd3 Nc5 56.h6+ Kg8 57.Rd1 Nxe4 58.Nf3 Nc3 59.Rxe5 dxe5 60.Rd7 Bc8 61.
Rc7 e4 62.Nd4 c5 63.Nc6 e3 64.Bf3 Be6 65.Ne5 e2 66.Nd3 Rd8 67.Bd5 Nxd5 68.
cxd5 Rxd5 69.Ne1 Rd1 0-1

[Event "35th WCh U20 Girls"]
[Site "Tarvisio ITA"]
[Date "2017.11.25"]
[Round "11"]
[White "Vaishali, Ramesh Babu"]
[Black "Kanakova, Natalie"]
[Result "0-1"]
[WhiteElo "2325"]
[BlackElo "2134"]
[EventDate "2017.11.13"]
[PlyCount "86"]

1.e4 c5 2.Nf3 g6 3.d4 cxd4 4.Nxd4 Nc6 5.c4 Bg7 6.Be3 Nf6 7.Nc3 O-O 8.Be2 
d6 9.O-O Bd7 10.f3 Nxd4 11.Bxd4 Bc6 12.Qd2 Nd7 13.Be3 a5 14.b3 Nc5 15.Rab1
e6 16.Rfd1 Be5 17.Bf1 Qh4 18.f4 Bxc3 19.Qxc3 Nxe4 20.Qc2 Rfd8 21.Be2 Nf6 
22.Rd4 Ng4 23.Bxg4 Qxg4 24.Rf1 Qf5 25.Qc3 Rd7 26.Rd2 Qe4 27.Bb6 e5 28.Qg3 
a4 29.f5 axb3 30.axb3 h6 31.Qh3 Kh7 32.Rd3 gxf5 33.Rg3 f4 34.Rg4 Rg8 35.
Rxg8 Kxg8 36.Bf2 Qg6 37.b4 Be4 38.g3 Bf5 39.Qg2 Be4 40.Qh3 Bf5 41.Qg2 fxg3
42.Bxg3 Be4 43.Qa2 h5 0-1

[Event "35th WCh U20 Girls"]
[Site "Tarvisio ITA"]
[Date "2017.11.25"]
[Round "11"]
[White "Aakanksha, Hagawane"]
[Black "Obolentseva, Alexandra"]
[Result "1-0"]
[WhiteElo "2312"]
[BlackElo "2320"]
[EventDate "2017.11.13"]
[PlyCount "43"]

1.e4 c5 2.Nf3 d6 3.d4 cxd4 4.Nxd4 Nf6 5.Nc3 a6 6.f4 Nbd7 7.Bd3 g6 8.Be3 
Bg7 9.O-O O-O 10.a4 e5 11.fxe5 Nxe5 12.Be2 Nfg4 13.Bf4 Qb6 14.Nd5 Qxb2 15.
Nb3 Bh6 16.Bxh6 Nxh6 17.Qd2 Neg4 18.Nd4 Be6 19.Rfb1 Qxa1 20.Rxa1 Bxd5 21.
exd5 Rae8 22.Qf4 1-0

[Event "35th WCh U20 Girls"]
[Site "Tarvisio ITA"]
[Date "2017.11.25"]
[Round "11"]
[White "Assaubaeva, Bibisara"]
[Black "Cherniak, Viktoria"]
[Result "0-1"]
[WhiteElo "2395"]
[BlackElo "2236"]
[EventDate "2017.11.13"]
[PlyCount "140"]

1.d4 d5 2.Nf3 Nf6 3.c4 c6 4.Nc3 dxc4 5.a4 e6 6.e3 c5 7.Bxc4 Nc6 8.O-O Be7 
9.Qe2 cxd4 10.Rd1 O-O 11.exd4 Nb4 12.Bg5 h6 13.Bh4 Bd7 14.Ne5 Rc8 15.Rac1 
a6 16.h3 Re8 17.b3 Nbd5 18.Nxd5 exd5 19.Bd3 Be6 20.Bb1 Qb6 21.Rxc8 Rxc8 
22.f4 Rc7 23.Bxf6 Bxf6 24.Qd3 Kf8 25.Kh2 Qb4 26.f5 Bd7 27.Qg3 Qb6 28.Nxd7+
Rxd7 29.Qc3 Rc7 30.Qf3 Qd6+ 31.Kh1 a5 32.Qd3 Qf4 33.Qb5 Rc1 34.Qe2 Bxd4 
35.Bd3 Be5 36.Kg1 Rc3 37.Qf3 Qxf3 38.gxf3 Ke7 39.Kf2 Rxb3 40.Ke2 Kf6 41.
Ke3 Rb4 42.Bc2 Bf4+ 43.Ke2 d4 44.h4 Be3 45.f4 Rb2 46.Kd3 Kxf5 47.Rf1 g6 
48.Bb1 Kf6 49.Ke4 Rh2 50.Kf3 h5 51.Kg3 Rb2 52.Bd3 Rb3 53.Rd1 Ra3 54.Bb5 
Kf5 55.Bd3+ Rxd3 56.Rxd3 Ke4 57.Rb3 d3 58.Rb1 d2 59.Rf1 f6 60.Rd1 Bxf4+ 
61.Kf2 Kd3 62.Kf3 g5 63.Rh1 Kc2 64.Ke2 gxh4 65.Ra1 h3 66.Rh1 Bg3 67.Ra1 
Be1 68.Ra2+ Kb3 69.Ra1 h2 70.Rb1+ Kc2 0-1

[Event "35th WCh U20 Girls"]
[Site "Tarvisio ITA"]
[Date "2017.11.25"]
[Round "11"]
[White "Antova, Gabriela"]
[Black "Uuriintuya, Uurtsaikh"]
[Result "1-0"]
[WhiteElo "2257"]
[BlackElo "2213"]
[EventDate "2017.11.13"]
[PlyCount "95"]

1.d4 Nf6 2.c4 g6 3.Nc3 Bg7 4.e4 d6 5.Nf3 O-O 6.Be2 Nbd7 7.O-O e5 8.Re1 c6 
9.Rb1 Re8 10.Bf1 a5 11.dxe5 dxe5 12.Qc2 h6 13.a3 Nh5 14.b4 axb4 15.axb4 
Nf8 16.Be3 Qf6 17.Na4 Bg4 18.Nd2 Nf4 19.f3 Be6 20.Nb6 Rab8 21.c5 Red8 22.
Rbd1 h5 23.Ndc4 Bxc4 24.Nxc4 h4 25.Rxd8 Rxd8 26.Rd1 Ra8 27.Na5 Bh6 28.Qd2 
N8e6 29.Qf2 Bg5 30.Kh1 Qe7 31.Qb2 Nh5 32.Bf2 Bf4 33.Bc4 Rd8 34.Rxd8+ Qxd8 
35.Qc2 Nd4 36.Qd1 b5 37.Nxc6 Nxc6 38.Qxd8+ Nxd8 39.Bxb5 Bd2 40.c6 Ne6 41.
Bc4 Nhg7 42.b5 Bb4 43.b6 Bd6 44.Bxh4 Kf8 45.Bd8 Ne8 46.Bxe6 fxe6 47.c7 
Bxc7 48.Bxc7 1-0

[Event "35th WCh U20 Girls"]
[Site "Tarvisio ITA"]
[Date "2017.11.25"]
[Round "11"]
[White "Terbe, Zsuzsanna"]
[Black "Khademalsharieh, Sarasadat"]
[Result "0-1"]
[WhiteElo "2170"]
[BlackElo "2419"]
[EventDate "2017.11.13"]
[PlyCount "130"]

1.Nf3 d5 2.g3 Nf6 3.Bg2 c5 4.c4 d4 5.e3 Nc6 6.exd4 cxd4 7.d3 e5 8.O-O Be7 
9.Re1 Nd7 10.a3 a5 11.Qa4 Nc5 12.Qc2 f6 13.Nfd2 O-O 14.Ne4 Ne6 15.b3 Kh8 
16.Ra2 Bd7 17.Qd1 Rb8 18.f3 b5 19.Nbd2 bxc4 20.Nxc4 Qc7 21.Bd2 Rb5 22.Qc2 
Qb8 23.Rb2 f5 24.Nf2 Rc8 25.Reb1 Qa7 26.Qd1 Nc7 27.Qe1 Nd5 28.f4 exf4 29.
Bxf4 Nxf4 30.gxf4 Bf8 31.Nh3 Qb8 32.Qh4 h6 33.Ng5 Kg8 34.Nf3 Be6 35.Bh3 
Bd6 36.Re2 Bf7 37.a4 Rc5 38.Nxd6 Qxd6 39.Rbe1 Rf8 40.Ne5 Bxb3 41.Qh5 Nxe5 
42.Rxe5 Rxe5 43.Rxe5 Qc7 44.Rxf5 Qc1+ 45.Bf1 Qe3+ 46.Kg2 Qd2+ 47.Kg1 Bf7 
48.Qe2 Qb4 49.Qe5 Qxa4 50.Qxa5 Qd1 51.h3 Qf3 52.Qd2 Rb8 53.Qg2 Qe3+ 54.Qf2
Qe6 55.Re5 Qg6+ 56.Qg2 Qf6 57.Qf2 Rb4 58.Rc5 Kh7 59.Bg2 Bg6 60.Be4 Bxe4 
61.dxe4 d3 62.e5 Qg6+ 63.Kh2 Re4 64.f5 Qg5 65.Kh1 d2 0-1

[Event "35th WCh U20 Girls"]
[Site "Tarvisio ITA"]
[Date "2017.11.25"]
[Round "11"]
[White "Arda, Cagil Irmak"]
[Black "Mammadzada, Gunay"]
[Result "1-0"]
[WhiteElo "2139"]
[BlackElo "2393"]
[EventDate "2017.11.13"]
[PlyCount "69"]

1.e4 c5 2.Nf3 d6 3.Bb5+ Nd7 4.O-O Nf6 5.Re1 a6 6.Bd3 Ne5 7.Nxe5 dxe5 8.a4 
b6 9.Na3 g6 10.b3 Bg7 11.Bb2 Nd7 12.Be2 Bb7 13.d3 O-O 14.Nc4 Qc7 15.Qd2 a5
16.Qg5 Rae8 17.Qg3 e6 18.h4 h6 19.Rf1 Ba6 20.Ba3 Kh7 21.d4 f5 22.dxc5 Nxc5
23.exf5 exf5 24.Rad1 f4 25.Qh3 e4 26.Rd5 Rd8 27.Rxd8 Qxd8 28.Rd1 Qe7 29.h5
f3 30.hxg6+ Kh8 31.Bf1 Bxc4 32.Bxc4 Qf6 33.Qg3 Qc3 34.gxf3 Rxf3 35.Rd8+ 
1-0